Star wars characters by picture - Statistics

General Stats
  • This quiz has been taken 103 times
  • The average score is 12 of 16
Answer Stats
Picture Answer % Correct
Greedo
99%
Admiral Ackbar
96%
Ki-Adi-Mundi
92%
Jango fett
89%
Asajj ventress
87%
General Hux
86%
Captain Phasma
84%
Nute gunray
82%
Sebulba
82%
Cad bane
81%
Bib fortuna
75%
Cliegg lars
58%
Valorum
55%
Admiral piett
45%
Biggs
42%
Lando carlissian
6%
No matching quizzes found
Score Distribution
Percent of People with Each Score
Percentile by Number Answered
Your Score History
You have not taken this quiz